Scientists / (Record no. 4873)

MARC details
000 -LEADER
fixed length control field 00651nam a22002417a 4500
001 - CONTROL NUMBER
control field 4873
003 - CONTROL NUMBER IDENTIFIER
control field FISKH
005 - DATE AND TIME OF LATEST TRANSACTION
control field 20241022122640.0
008 - FIXED-LENGTH DATA ELEMENTS--GENERAL INFORMATION
fixed length control field 241022b cb ||||| |||| 00| 0 eng d
020 ## - INTERNATIONAL STANDARD BOOK NUMBER
International Standard Book Number 9780333338032
040 ## - CATALOGING SOURCE
Original cataloging agency FISKH
Language of cataloging eng
Transcribing agency FISKH
Modifying agency FISKH
082 ## - DEWEY DECIMAL CLASSIFICATION NUMBER
Classification number 509
100 ## - MAIN ENTRY--PERSONAL NAME
Personal name Dugan, Michael
245 ## - TITLE STATEMENT
Title Scientists /
Statement of responsibility, etc. by Michael Dugan
260 ## - PUBLICATION, DISTRIBUTION, ETC.
Place of publication, distribution, etc. South Melbourne :
Name of publisher, distributor, etc. Macmillan ;
Date of publication, distribution, etc. 1981 .
300 ## - PHYSICAL DESCRIPTION
Extent 31 pages :
Other physical details color illustrations, map ;
Dimensions 21 cm .
490 ## - SERIES STATEMENT
Series statement Famous Australians
505 ## - FORMATTED CONTENTS NOTE
Formatted contents note S <br/>
521 8# - TARGET AUDIENCE NOTE
Target audience note 790 <br/>
Source Lexile estimate <br/>
521 8# - TARGET AUDIENCE NOTE
Target audience note S <br/>
Source Raz-Plus <br/>
942 ## - ADDED ENTRY ELEMENTS (KOHA)
Source of classification or shelving scheme Dewey Decimal Classification
Koha item type Books
Suppress in OPAC No
Holdings
Withdrawn status Lost status Source of classification or shelving scheme Damaged status Not for loan Collection Home library Current library Shelving location Date acquired Total Checkouts Full call number Barcode Date last seen Price effective from Koha item type
    Dewey Decimal Classification     Non-Fiction Footprints International School Library Network Toul Kork Campus Footprints International School Library Network Toul Kork Campus TTP Secondary Non-Fiction Bookshelves 10/22/2024   DUG 509 FIS01427 10/22/2024 10/22/2024 Books